La programación monetaria y la financiación del déficit (Registro nro. 15172)
[ vista simple ]
| 000 -LEADER | |
|---|---|
| fixed length control field | 00369 a2200121 4500 |
| 001 - CONTROL NUMBER | |
| control field | ART_17871 |
| 005 - DATE AND TIME OF LATEST TRANSACTION | |
| control field | 20260410161701.0 |
| 008 - FIXED-LENGTH DATA ELEMENTS--GENERAL INFORMATION | |
| fixed length control field | 260409a |
| 100 1# - MAIN ENTRY--PERSONAL NAME | |
| Personal name | Dueñas, Daniel E. |
| 245 10 - TITLE STATEMENT | |
| Title | La programación monetaria y la financiación del déficit |
| 700 1# - ADDED ENTRY--PERSONAL NAME | |
| Personal name | Demaestri, Edgardo |
| 773 0# - HOST ITEM ENTRY | |
| Title | Ensayos Económicos |
| Related parts | - Nº 7 (sep. 1978) |
| Record control number | REV620 |
No hay ítems disponibles.